| 000 | 00679nam a2200241Ia 4500 | ||
|---|---|---|---|
| 003 | OSt | ||
| 005 | 20220928104508.0 | ||
| 006 | a|||||r|||| 00| 0 | ||
| 007 | ta | ||
| 008 | 220927b |||||||| |||| 00| 0 eng d | ||
| 024 | _a33302 | ||
| 037 | _cTextual | ||
| 040 |
_aSDCL _cSDCL _beng |
||
| 041 |
_2eng _aeng |
||
| 082 | _aSigma:(B), M0 | ||
| 100 |
_aBurghes D N _9410670 |
||
| 245 | 0 | _aMathmatical models in the social,management and life sciences. | |
| 260 |
_aChichester _bEllis Horwood Limited _c1980 |
||
| 300 |
_a287p _ccm. |
||
| 700 |
_a Wood A D _9410671 |
||
| 942 |
_hSigma:(B), M0 _cTEXL _2CC |
||
| 999 |
_c726354 _d726354 |
||